Rozvojová spolupráce mezi Českou republikou a zeměmi subsaharské Afriky

Rozvojová spolupráca Českej republiky so subsaharskou Afrikou siahajúca do začiatku postkoloniálneho obdobia. Útlm rozvojovej spolupráce po roku 1989. Postupné narastanie prostriedkov vynaložených na rozvojovú spoluprácu s krajinami subsaharskej Afriky po roku 2000. Angola a Zambia ako priority. Roz...

Descrizione completa

Salvato in:
Dettagli Bibliografici
Autore principale: Jelínek, Petr
Natura: Capitolo di libro
Lingua:ceco
Soggetti:
Tags: Aggiungi Tag
Nessun Tag, puoi essere il primo ad aggiungerne!!

MARC

LEADER 00000naa$a2200000$$$4500
001 0057762
005 20231016092905.8
041 0 |a cze 
044 |a CZ 
245 1 0 |a Rozvojová spolupráce mezi Českou republikou a zeměmi subsaharské Afriky  |c Petr Jelínek 
520 |a Rozvojová spolupráca Českej republiky so subsaharskou Afrikou siahajúca do začiatku postkoloniálneho obdobia. Útlm rozvojovej spolupráce po roku 1989. Postupné narastanie prostriedkov vynaložených na rozvojovú spoluprácu s krajinami subsaharskej Afriky po roku 2000. Angola a Zambia ako priority. Rozvojová pomoc smerujúca predovšetkým na rozvoj školstva, poľnohospodárstva a zdravotníctva. Projekty financované aj zo súkromných zdrojov. 
610 2 0 |a pomoc rozvojová 
610 2 0 |a programy rozvojové 
610 2 0 |a pomoc medzinárodná 
610 2 0 |a pomoc finančná 
610 2 0 |a školstvo 
610 2 0 |a zdravotníctvo 
610 2 0 |a poľnohospodárstvo 
610 2 0 |a Afrika 
610 2 0 |a Česko 
100 1 |a Jelínek, Petr